La Economía del banano en Centroamérica

Sábháilte in:
Sonraí bibleagrafaíochta
Príomhchruthaitheoir: López, José Roberto
Formáid: Téacs
Teanga:Spanish
Foilsithe / Cruthaithe: San José: DEI 1988
Clibeanna: Cuir clib leis
Níl clibeanna ann, Bí ar an gcéad duine le clib a chur leis an taifead seo!

MARC

LEADER 00000 a a2200000 04500
003 cru CIDCACS/IIS
005 20210506015523.0
008 210412b1988 cr ||||| |||| 00| 0 spa d
020 |a 9977-904-81-2 
040 |c CIDCACS/IIS 
100 |a López, José Roberto  |9 9932 
245 1 3 |a La Economía del banano en Centroamérica  
260 |a San José:   |b DEI   |c 1988 
300 |a 240 páginas 
500 |a Segunda Edición 
942 |2 ddc  |c LI 
999 |c 43640  |d 43640